La situación de las mujeres en Centroamérica: una evaluación en el umbral del siglo XXI /
Salvato in:
| Autore principale: | |
|---|---|
| Natura: | Sconosciuto |
| Pubblicazione: |
San José:
Fundación Género y Sociedad (GESO)
|
| Soggetti: | |
| Tags: |
Aggiungi Tag
Nessun Tag, puoi essere il primo ad aggiungerne!!
|
MARC
| LEADER | 00000 a2200000 04500 | ||
|---|---|---|---|
| 001 | 11425 | ||
| 003 | |||
| 008 | 991231s d | ||
| 040 | |a CRAI/IIS |c CRAI/IIS | ||
| 090 | |a 139401 | ||
| 100 | |a García Quesada, Ana Isabel | ||
| 245 | |a La situación de las mujeres en Centroamérica: una evaluación en el umbral del siglo XXI / |c Ana Isabel García Quesada | ||
| 260 | |a San José: |b Fundación Género y Sociedad (GESO) | ||
| 300 | |a 234 p. | ||
| 650 | |a MUJERES | ||
| 650 | |a POLITICA GUBERNAMENTAL | ||
| 650 | |a DERECHOS HUMANOS | ||
| 650 | |a ESTADO | ||
| 650 | |a TRABAJO | ||
| 650 | |a EMPLEO | ||
| 650 | |a MUJERES RURALES | ||
| 650 | |a PARTICIPACION POLITICA | ||
| 650 | |a SALUD | ||
| 650 | |a DERECHOS DE LA MUJER | ||
| 999 | |c 17018 |d 17018 | ||
